000 01048cad a22002295a 4500
001 E147415
008 090511s2009 xxub f s 000 0 eng d
035 _a(Sirsi) u147415
041 0 _aeng
050 0 4 _a333.33 $2 18
110 2 _aPramerica Real Estate Investors
_95594
245 0 0 _aEuropean quarterly market perspective
_bApril 2009
_h[electronic resource]
260 _aParsipanny, NJ
_bPramerica Real Estate Investors
_c2009
490 0 _aPREI European Quarterly Market Perspective
_vApril 2009
520 _aSuggests that, although economic recovery will take a while, the bottom of the the downturn will be reached in the first quarter. Also reports that banks' unwillingness to lend is affecting the pace of recovery in the commercial property market.
521 _aAdvanced
590 _aKA
651 4 _aEurope
690 _aPROPERTY-COMMERCIAL PROPERTY-COMMERCIAL PROPERTY MARKET
856 4 0 _uhttps://www.pramericarei.com/pramerica/realestate/index.html
_zView the item free of charge at www.pramericarei.com...
942 _n0
999 _c109545
_d109545